| 000 | 00896nam a22002177a 4500 | ||
|---|---|---|---|
| 005 | 20230831115919.0 | ||
| 010 | _aHIN-125731 | ||
| 020 | _c380.00 | ||
| 035 | _aHN-98077 | ||
| 037 | _bDBAD/PUB | ||
| 082 | _a306.0954 | ||
| 100 |
_aचतुरसेन, आचार्य _955669 |
||
| 245 |
_aभारतीय संस्कृति पौराणिक प्रभाव / _cआचार्य चतुरसेन |
||
| 260 |
_bशिलालेख पब्लिशर्स _c2022 _aदिल्ली |
||
| 270 |
_a4/32 ग्राउंड फ्लोर सुभाष गली विश्वाश नगर शाहदरा _bदिल्ली _e110032 |
||
| 300 |
_a179 पृ. _c23 सेमी(सजिल्द ) |
||
| 650 |
_x _z _955670 |
||
| 650 |
_v _955671 |
||
| 700 | _955533 | ||
| 942 |
_2ddc _cHN _h306.0954 _mचतुर |
||
| 999 |
_c197709 _d197709 |
||